|
|
|
|
| LEADER |
02415nam a2200601 i 4500 |
| 001 |
nkc20162775656 |
| 003 |
CZ PrNK |
| 005 |
20160404153918.0 |
| 007 |
ta |
| 008 |
160202s2015 xr a e f 000 0 cze |
| 015 |
|
|
|a cnb002775656
|
| 020 |
|
|
|a 978-80-87123-25-6
|q (kroužková vazba)
|
| 035 |
|
|
|a (OCoLC)949214443
|
| 040 |
|
|
|a OLA001
|b cze
|e rda
|
| 043 |
|
|
|a e-xr---
|
| 072 |
|
7 |
|a 343
|x Trestní právo
|2 Konspekt
|9 16
|
| 080 |
|
|
|a 328.185
|2 MRF
|
| 080 |
|
|
|a 343.35
|2 MRF
|
| 080 |
|
|
|a 343.851:343.35
|2 MRF
|
| 080 |
|
|
|a 34:659.2
|2 MRF
|
| 080 |
|
|
|a (437.3)
|2 MRF
|
| 080 |
|
|
|a (035)
|2 MRF
|
| 100 |
1 |
|
|a Bureš, Radim
|7 mzk2009495899
|4 aut
|
| 245 |
1 |
0 |
|a Jsou to i moje peníze /
|c autoři publikace: Radim Bureš, Ivana Dufková, Aneta Judová, Radka Pavlišová, Helena Joachimsthalerová, Petr Leyer, Zdeněk Michora, Tereza Zběžková, Veronika Finková
|
| 264 |
|
1 |
|a Praha :
|b Transparency International - Česká republika,
|c 2015
|
| 300 |
|
|
|a 58 stran :
|b ilustrace ;
|c 30 cm
|
| 336 |
|
|
|a text
|b txt
|2 rdacontent
|
| 337 |
|
|
|a bez média
|b n
|2 rdamedia
|
| 338 |
|
|
|a svazek
|b nc
|2 rdacarrier
|
| 500 |
|
|
|a Na obálce pod názvem: PAKT - Protikorupční akademický klub transparentnosti
|
| 504 |
|
|
|a Obsahuje bibliografii a bibliografické odkazy
|
| 650 |
0 |
7 |
|a korupce
|7 ph121881
|z Česko
|2 czenas
|
| 650 |
0 |
7 |
|a boj proti korupci
|7 ph164240
|z Česko
|2 czenas
|
| 650 |
0 |
7 |
|a právní poradenství
|7 ph124715
|z Česko
|2 czenas
|
| 650 |
0 |
9 |
|a corrupt practices
|z Czechia
|2 eczenas
|
| 650 |
0 |
9 |
|a corruption control
|z Czechia
|2 eczenas
|
| 650 |
0 |
9 |
|a legal consulting
|z Czechia
|2 eczenas
|
| 655 |
|
7 |
|a příručky
|7 fd133209
|2 czenas
|
| 655 |
|
9 |
|a handbooks and manuals
|2 eczenas
|
| 700 |
1 |
|
|a Dufková, Ivana
|7 jn20001227647
|4 aut
|
| 700 |
1 |
|
|a Judová, Aneta
|7 xx0193342
|4 aut
|
| 700 |
1 |
|
|a Pavlišová, Radka
|7 jx20100817011
|4 aut
|
| 700 |
1 |
|
|a Joachimsthalerová, Helena
|7 xx0193343
|4 aut
|
| 700 |
1 |
|
|a Leyer, Petr,
|d 1985-
|7 xx0193344
|4 aut
|
| 700 |
1 |
|
|a Michora, Zdeněk,
|d 1964-
|7 xx0036759
|4 aut
|
| 700 |
1 |
|
|a Zběžková, Tereza
|7 pna2013752975
|4 aut
|
| 700 |
1 |
|
|a Finková, Veronika
|4 aut
|
| 910 |
2 |
|
|a BOA001
|b 4-1363.251
|
| 990 |
|
|
|a BK
|
| 995 |
|
|
|a 01
|
| 991 |
|
|
|b 201603
|c NOV
|
| 996 |
6 |
|
|b 2610661129
|c 4-1363.251
|l MZK
|r Sklad / do 1 hodiny
|n 0
|p p.v.
|w 001546833
|u 000010
|a 1
|e BOA001
|j MZK50
|s P
|
| 996 |
7 |
|
|b 2610663228
|c 4-1363.251
|l MZK
|r Sklad / do 1 hodiny
|n 1
|p dar
|w 001546833
|u 000020
|a 1
|e BOA001
|j MZK50
|s A
|